| 000 | 00446nam a2200181Ia 4500 | ||
|---|---|---|---|
| 001 | 16158 | ||
| 005 | 20260306170249.0 | ||
| 008 | 260306t2020||||xx |||||||||||||| ||und|| | ||
| 041 | _aESP | ||
| 082 |
_a347 _bH94 T. 19 |
||
| 100 |
_aHundskopf Exebio, Oswaldo, _eAUT |
||
| 245 | 0 |
_aDerecho comercial : _btemas societarios |
|
| 260 | _c2020 | ||
| 300 |
_a332 páginas : _c25 cm. |
||
| 650 | _aGEN | ||
| 654 | _aCAN | ||
| 942 |
_cLIB _dJUS _fJUS _2ddc _n |
||
| 999 |
_c16158 _d16158 |
||